Competition of monopoly? comparing privatization of local public services in the US and Spain (Record no. 79640)

000 -LEADER
fixed length control field 00437pab a2200157 454500
008 - FIXED-LENGTH DATA ELEMENTS--GENERAL INFORMATION
fixed length control field 180718b2008 xxu||||| |||| 00| 0 eng d
100 ## - MAIN ENTRY--PERSONAL NAME
Personal name Warner, Mildred E.
245 ## - TITLE STATEMENT
Title Competition of monopoly? comparing privatization of local public services in the US and Spain
260 ## - PUBLICATION, DISTRIBUTION, ETC.
Date of publication, distribution, etc. 2008
300 ## - PHYSICAL DESCRIPTION
Extent p.723-35.
650 ## - SUBJECT ADDED ENTRY--TOPICAL TERM
Topical term or geographic name entry element Public utilities
700 ## - ADDED ENTRY--PERSONAL NAME
Personal name Bel, Germa
773 ## - HOST ITEM ENTRY
Main entry heading Public Administration
908 ## - PUT COMMAND PARAMETER (RLIN)
Put command parameter N
909 ## -
-- 79640
Holdings
Withdrawn status Lost status Damaged status Not for loan Permanent Location Current Location Date acquired Serial Enumeration / chronology Barcode Date last seen Price effective from Koha item type
        Indian Institute of Public Administration Indian Institute of Public Administration 2018-07-19 Volume no: 66, Issue no: 3 AR80100 2018-07-19 2018-07-19 Articles

Powered by Koha